[Event "London"]
[Site "London"]
[Date "1997.10.19"]
[Round "3"]
[White "Pedersen, Steffen"]
[Black "Lalic, Bogdan"]
[Result "0-1"]
[WhiteElo "2435"]
[BlackElo "2600"]
[Annotator "Tsesarsky,I"]
[PlyCount "70"]
[EventDate "1997.10.18"]
[EventType "tourn"]
[EventRounds "9"]
[EventCountry "ENG"]
[EventCategory "10"]
[SourceTitle "CBM 062"]
[Source "ChessBase"]
[SourceDate "1998.01.31"]
[SourceVersion "1"]
[SourceVersionDate "1998.01.31"]
[SourceQuality "1"]

1. d4 Nf6 2. c4 e6 3. Nc3 Bb4 4. Qc2 O-O 5. a3 Bxc3+ 6. Qxc3 b6 7. Bg5 Ba6 8.
Nf3 (8. e3 d5 9. Nf3 Nbd7 10. cxd5 Bxf1 11. Rxf1 exd5 12. Ne5 $1 $14 {
Bareev-Farago,I/Roma/1990/ ->CBM 18}) 8... d6 (8... c5 9. dxc5 bxc5 10. e3 Nc6
$6 (10... d6 11. Rd1 Qe7 12. Be2 Nbd7) 11. Bd3 Qa5 12. Bxf6 gxf6 13. b4 $1 cxb4
14. Qxf6 b3+ $5 (14... bxa3+ $6 15. Ke2 Qc5 $8 16. Rhc1 $132 {Ftacnik,L 1-0
Hansen,L-Farago,I/Tastrup 1990 (30)}) 15. Ke2 Qc5 $132) (8... c6 9. e3 d5 10.
Ne5 dxc4 11. Bxc4 {1/2-1/2 Kiriakov,P-Yudasin,L/RUS-Cup01 Chigorin mem 1997})
9. Nd2 (9. e3 Nbd7 10. Bd3 (10. b4 c5 11. dxc5 bxc5 12. Bd3 (12. b5 Bb7 13. Bd3
d5 14. O-O Re8 15. Nd2 h6 16. Bh4 Qb6 {1/2-1/2 Hoang Thang Trang-Gonzalez
Garcia,J/FSGM Dec, Budapest HUN 1997}) 12... Qc7 13. O-O Bb7 14. Nd2 d5 15. Bf4
(15. Bxf6 cxb4 16. axb4 Nxf6 $132) 15... e5 16. Bg3 d4 $11 {1/2-1/2 Alterman,
B-Har Zvi,R/Tel-Aviv Cup 1996 (25)}) 10... c5 11. O-O h6 (11... Rc8 12. d5 exd5
13. cxd5 Bxd3 14. Qxd3 Qe7 15. Rad1 (15. Rfd1 c4 16. Qc2 Rc5 17. Rd4 Rfc8 18.
Rad1 h6 19. Bh4 b5 $132 {0-1 Schandorff,L-Rozentalis,E/Sigeman and Co, Aarhus
DEN 1997 (31)}) 15... Qe4 16. Qb3 Rfe8 17. Bf4 c4 18. Qa4 Nc5 19. Qxa7 Nd3 20.
Qxb6 Nxd5 21. Qxd6 Rcd8 (21... Red8 $5) 22. Qa6 $44 {0-1 Bacrot
Etienne-Korchnoi Viktor/Match (team), Cannes (France) 1996 (50)}) 12. Bh4 cxd4
13. exd4 Rc8 14. b3 b5 15. Nd2 $132 {1-0 Sokolov,I-Kortschnoj,V/Antwerp op
1995/EXT 95op (42)}) (9. e4 $5 Nxe4 (9... h6 10. Bxf6 Qxf6 11. Bd3 $5) 10. Bxd8
Nxc3 11. Bxc7 Ne4 12. Nd2 Nxd2 (12... Rc8 13. Nxe4 Rxc7 14. Nxd6 Rc6 $1 15. c5
bxc5 16. dxc5 Rxc5 17. Bxa6 Nxa6 18. O-O $1 $14) 13. Kxd2 Nc6 (13... Rc8 $2 14.
Bxd6 Bxc4 15. Rc1 Ba6 16. Be2 $1 $16) 14. Kc3 (14. Bxd6 Rfd8 15. c5 Bxf1 16.
Rhxf1 Nxd4 $17) 14... d5 (14... Rac8 15. Bxd6 Rfd8 16. c5 $16) 15. cxd5 (15. c5
$6 Bxf1 16. Rhxf1 b5 $1 (16... Rfc8 17. cxb6 Na5 18. Kb4 $1) 17. Bd6 $1 (17. f4
$6 f5 $1 $15 {= Pelletier,Y-Tukmakov,V/Neuchatel 1995}) 17... Rfd8 18. a4 b4+
19. Kd3 $10) 15... Bxf1 16. Rhxf1 exd5 17. Kd3 Rac8 18. Bf4 $10) 9... Nbd7 10.
e3 Rc8 (10... h6 11. Bh4 c5 12. dxc5 dxc5 (12... bxc5 13. Bd3 Bb7 14. O-O a5
15. Rad1 $132 {0-1 Ostenstad,B-Har Zvi,R/Eikram mem op, Gausdal NOR 1996 (40)})
13. f3 Bb7 14. g4 Qc7 15. Bg3 e5 16. Rg1 Rfd8 (16... Rad8 17. O-O-O) (16... Bc6
17. O-O-O $14 {1-0 Hillarp Persson,T-Rozentalis,E/Koge op 1997/EXT 97 (32)})
17. O-O-O b5 $1 $132) 11. b4 $6 (11. Bd3 $132) 11... c5 $15 12. dxc5 (12. Bd3
d5 13. dxc5 bxc5 14. O-O dxc4 15. Nxc4 Nd5 16. Bxd8 Nxc3 17. Be7 Rfe8 18. Rfc1
Bxc4 19. Bxc4 Rxe7 20. Rxc3 cxb4 $17) 12... bxc5 13. b5 Bb7 14. f3 (14. Bd3 h6
$15) 14... d5 15. a4 (15. Rc1 h6 16. Bh4 Qb6 17. Bd3 d4 18. exd4 cxd4 $17) (15.
Bd3 h6 $15) 15... h6 16. Bh4 (16. Bf4 e5 17. Bg3 d4 $17) 16... Re8 (16... Ne4
$2 17. Bxd8 Nxc3 18. Ba5 d4 19. Nb3 $16) 17. Bd3 d4 $1 (17... Ne4 $2 18. Bxd8
Nxc3 19. Ba5 $16) 18. Qc2 $6 (18. exd4 $142 e5 $1 (18... Nd5 19. Bxd8 (19. Bh7+
Kh8 20. Bxd8 Nxc3 21. Ba5 cxd4 22. Bc2 Ne5 $17) 19... Nxc3 20. Ba5 cxd4 21. Ra3
Ne5 (21... Nc5 22. Bc2 $14) 22. Bf1 $1 $14) 19. dxc5 (19. d5 $6 e4 $1 20. O-O (
20. fxe4 Nxe4 21. Nxe4 Qxh4+ 22. Kf1 Rxe4 $17) 20... exd3 $17) 19... e4 (19...
Nxc5 20. Bf5 Qd4 21. Qxd4 exd4+ 22. Kf2 $16) 20. O-O exd3 21. c6 Bxc6 22. bxc6
Nc5 23. Bxf6 Qxf6 24. Qxf6 gxf6 $15) 18... Ne5 $6 (18... dxe3 $1 $17 19. Nb3 $5
(19. Ne4 Bxe4 (19... Qc7 20. O-O Nxe4 21. Bxe4 Bxe4 22. Qxe4 Qe5 23. Rae1 Qxe4
24. fxe4 Ne5 25. Rxe3 Nxc4 26. Rc3 Nd6 27. e5 Nf5 28. Bf2 Nd4 29. Re1 Red8 $17)
20. Bxe4 (20. fxe4 Ne5 $19) 20... Ne5 21. O-O (21. Rd1 Qa5+ $19) 21... Qd2 $17
(21... Qd4 22. Rfd1 Qxc4 23. Qxc4 Nxc4 24. Bxf6 gxf6 25. Rd7 f5 26. Bc2 Ra8 $17
)) 19... Qc7 (19... Ne5 20. Rd1 Qe7 21. Qe2 Red8 22. Qxe3 Nfg4 23. Bxe7 Nxe3
24. Bh7+ Kxh7 25. Rxd8 Rxd8 26. Bxd8 Nxg2+ 27. Kf2 Nf4 28. Nxc5 Bxf3 29. Ra1
$16) 20. Qe2 (20. Bg3 e5 (20... Ne5 21. Qc3 Nxd3+ 22. Qxd3 e5 23. Qxe3 Nh5 24.
O-O Nxg3 25. hxg3 e4 26. f4 Red8 27. Rad1 Rd6 $132) 21. Qe2 Nh5 22. Qxe3 Nxg3
23. hxg3 e4 $17) 20... Qe5 21. O-O Nh5 $17) 19. e4 $15 (19. Bg3 Nxd3+ 20. Qxd3
e5 (20... dxe3 21. Qxe3 Qd4 22. Kf2 Qxe3+ 23. Kxe3 e5 24. Rhe1 $11) 21. e4 Nh5
$17) 19... Ng6 (19... Qa5 20. Bxf6 gxf6 21. Ra3 (21. O-O Qc3 $19) 21... Qb4 22.
Qa2 f5 $2 23. O-O fxe4 24. Bxe4 Bxe4 25. fxe4 Qa5 26. Rh3 $16) 20. Bf2 Nd7 21.
g3 $2 {[%csl Rf3][%cal Gb7g2]} (21. O-O Nf4 22. Bg3 Qg5 23. Rfe1 Ne5 24. Bf1
Red8 25. Rad1 Nh5 26. Bf2 Rd7 $15) 21... Nde5 $17 22. Bf1 (22. O-O Qg5 23. Rfd1
Nf4 24. Bf1 h5 (24... f5 25. Kh1 $16) 25. h4 Qg6 26. Qb3 (26. Kh1 Nxf3 $1 27.
gxf4 Nxd2 28. Qxd2 Qxe4+ 29. Kh2 Qh1+ 30. Kg3 Qf3+ 31. Kh2 e5 32. f5 (32. fxe5
Qh1+ 33. Kg3 Re6 $19) 32... e4 $17) 26... d3 27. Qc3 Nxf3+ 28. Nxf3 Qxe4 29.
gxf4 Qxf3 $19) 22... f5 $1 23. f4 $2 (23. Bg2 $142 d3 $17 (23... Qa5 24. O-O
Qc3 25. Qxc3 dxc3 26. Nb1 Nxc4 27. Nxc3 $132)) 23... Ng4 $19 (23... fxe4 $1 $19
24. fxe5 (24. Nxe4 d3 $19) 24... e3 25. Qxg6 Qa5 26. Rd1 exf2+ 27. Kxf2 Bxh1
28. Bh3 Kh8 29. Bxe6 Qb6 30. Bf5 Qxg6 31. Bxg6 Rxe5 32. Rxh1 Rf8+ 33. Nf3 Re3
34. Bh5 g6 $19) 24. Bg2 (24. Bd3 Ne3 25. Bxe3 (25. Qb3 e5 $19) 25... dxe3 26.
Nb3 e5 27. O-O (27. exf5 Nxf4 $19 (27... Bxh1 $19)) 27... exf4 28. exf5 (28.
gxf4 Nxf4 $19) 28... fxg3 29. fxg6 gxh2+ 30. Qxh2 (30. Kxh2 Qh4+ 31. Kg1 Qh1#)
30... Qg5+ $19) 24... e5 (24... d3 25. Qc3 Nxf2 (25... fxe4 26. Bxe4 Nxf2 27.
Kxf2 (27. Bxb7 Nxh1 28. Bxh1 Nxf4 $19) 27... Bxe4 28. Nxe4 e5 29. Rad1 exf4 30.
Rxd3 Qe7 31. Re1 $132) 26. Kxf2 Nxf4 27. gxf4 Qh4+ 28. Ke3 (28. Kg1 Qxf4 29.
Re1 Rf8 30. h3 (30. Qxd3 Rcd8 $19) 30... Rcd8 31. e5 Qg3 32. Re2 f4 $19) 28...
e5 29. Kxd3 Qf2 30. Rhg1 Bxe4+ 31. Bxe4 (31. Nxe4 Rcd8+ $19) 31... fxe4+ 32.
Kc2 e3 33. Rad1 Rcd8 34. fxe5 Rxd2+ 35. Rxd2 Qxg1 (35... exd2 36. Rd1 Qxh2 37.
Rxd2 Qxe5 38. Qxe5 Rxe5 39. Rd7 h5 40. Rxa7 h4 41. b6 $16) 36. Re2 Rd8 37. Kb2
$8 Qd1 38. Qc2 $8 Qd4+ 39. Qc3 Qd2+ $1 40. Qc2 (40. Rxd2 exd2 $19) 40... Qb4+
41. Ka2 Rd4 $19 (41... Rd2 42. Rxd2 Qxd2 43. Kb3 Qb4+ 44. Ka2 Qe1 $19)) 25. O-O
(25. fxe5 d3 26. Qc3 fxe4 $19) 25... exf4 26. exf5 Bxg2 (26... fxg3 27. Bxb7 d3
28. Qb2 gxf2+ $19) 27. Kxg2 fxg3 28. hxg3 N6e5 $2 $17 (28... Qg5 $1 29. Nf3 (
29. fxg6 Re2 30. Nf3 Ne3+ 31. Kg1 Nxc2 (31... Rxc2 32. Nxg5 Nxf1 $19) 32. Nxg5
Nxa1 $19) 29... Nf4+ $3 30. Kg1 (30. gxf4 Ne3+ 31. Kh3 Qg2+ 32. Kh4 Qg4#) 30...
Nh3+ 31. Kg2 Nhxf2 32. Nxg5 Ne3+ 33. Kxf2 Nxc2 34. Rac1 Ne3 $19) 29. Rae1 $2 (
29. Bg1 Ne3+ 30. Bxe3 dxe3 31. Nb3 Ng4 $17) (29. Ne4 Nxf2 30. Nxf2 d3 31. Qc3
$17) 29... Nxf2 $19 30. Rxf2 (30. Kxf2 Ng4+ 31. Kg1 Ne3 $19) 30... Ng4 31.
Rxe8+ Qxe8 32. Qe4 Nxf2 33. Kxf2 Qxe4 34. Nxe4 Re8 35. Nd2 d3 0-1

[Event "ISR-chT"]
[Site "Israel"]
[Date "2001.03.23"]
[Round "6"]
[White "Lev, Ronen"]
[Black "Tsesarsky, Ilya"]
[Result "1-0"]
[WhiteElo "2450"]
[BlackElo "2450"]
[Annotator "Tsesarsky,I"]
[PlyCount "127"]
[EventDate "2001.02.??"]
[EventType "team"]
[EventRounds "11"]
[EventCountry "ISR"]
[SourceTitle "CBM 082"]
[Source "ChessBase"]
[SourceDate "2001.05.17"]
[SourceVersion "1"]
[SourceVersionDate "2001.05.17"]
[SourceQuality "1"]

1. d4 Nf6 2. c4 e6 3. Nc3 Bb4 4. Qc2 O-O 5. a3 Bxc3+ 6. Qxc3 Ne4 7. Qc2 f5 8.
Nh3 b6 (8... Nc6 9. f3 Nd6 10. Bg5 Qe8 11. Rd1 Nf7) 9. f3 Nd6 $6 {Dubious
move! Before this game I was sure, this move gives to Black good counterplay...
} 10. Bg5 $1 (10. e3 c5 11. dxc5 bxc5 12. Be2 Nc6 13. O-O Nf7 (13... Rb8 14.
Bd2 a5 $132 {1-0 Narciso Dublan,M-Pogorelov,R/Andorra la Vella AND 1999 (40)})
14. Bd2 Rb8 15. Rab1 a5 $132 {1-0 Kelecevic,N-Wintzer,J/Bern op 1996 (31)})
10... Qe8 11. Bf4 $1 {This move is novelty. Bf4 supports c4-c5 or d4-d5
promotions.} ({Not such strong is} 11. e3 c5 12. dxc5 (12. Rd1 Nf7 13. Bh4 cxd4
14. exd4 d6 15. Be2 e5 $14) 12... bxc5 13. b4 (13. Be2 Nc6 $14) 13... Nf7 14.
Bh4 a5 (14... d6 15. Be2 e5 $14) 15. b5 d6 16. Be2 Nd7 17. Rd1 Bb7 18. O-O (18.
Bg3 Qe7 19. Qd3 $14) 18... Nb6 $14 {1/2-1/2 Sorokin,M-Milos,G/Villa_Gesell
1996/Inf 66 (43)} (18... h6 19. Bg3 Qe7 20. Qd3 d5 $14)) 11... Nc6 12. Rd1 $1
e5 ({In case of} 12... a5 13. d5 $1 {White leaves with advantage:} Nd4 14. Rxd4
e5 15. Bxe5 Qxe5 16. Qc3 a4 17. e3 $16) 13. dxe5 Nxe5 14. c5 $1 {Destroing
Black's defence.} Ndf7 {I decided to sacrifice P because in other case White
has great advantage and Black hasn't active plan.} ({Or} 14... Nb7 15. cxb6
cxb6 16. e3 $16) 15. cxb6 axb6 16. Qxc7 Ba6 {[%cal Ge5d3]} 17. e3 Bxf1 18. Rxf1
Rc8 19. Qxb6 $18 {White has already 2 PP over, his K left in the center, but
how Black can arrange Attack?} Rc6 20. Qb3 $2 $16 ({Much better was} 20. Qd4
$18) 20... Nc4 21. Rf2 Qe6 22. Re2 h6 {Now we can see certain connection
between Black forces and clear plan - g7-g5.} 23. Qd3 ({I case of} 23. e4 Re8
24. Qd3 g5 25. Bg3 f4 26. Bf2 Nce5 $17 {we have exactly position from the game.
}) 23... g5 24. Bg3 Re8 25. e4 f4 26. Bf2 $2 $17 {I am sure, Ronen overlooked
a little tactical trick.} ({During the game I was afraid of} 26. Bxf4 $1 gxf4
27. Nxf4 Nfe5 28. Nxe6 Nxd3+ 29. Rxd3 dxe6 $16) 26... Nce5 27. Qd5 Nxf3+ $1 28.
gxf3 Qxh3 29. e5 Rce6 (29... Qxh2 30. Bd4 Qh1+ 31. Kd2 Qh3 $15) 30. Bd4 d6 $1
31. Bc3 dxe5 32. Qe4 g4 $1 33. fxg4 Ng5 34. Qg2 Qh4+ 35. Qf2 Qxg4 36. Qg2 Qh4+
37. Qf2 Qh5 ({Black get serious advantage after} 37... Nf3+ 38. Kf1 Qh5 {
[%cal Ge5e4]} 39. Rd3 e4 $17) 38. Rd5 Nf3+ ({Quite strong is} 38... Rg6 39. Kd1
(39. Bxe5 Nf3+ $19) 39... Ne4 40. Qf1 (40. Qe1 f3 $19) 40... Nxc3+ 41. bxc3 Qf5
$17) 39. Kd1 Rg6 40. Kc2 Qf5+ 41. Kb3 Qf7 $4 {Terrible nistake based on wrong
variations calculation...} ({Still keep advantage} 41... Qh3 $1 $17) 42. Qxf3
e4 43. Qh5 f3 44. Red2 (44. Rf2 $1 $18) 44... e3 45. R2d4 f2 46. Rf4 Qe6 47.
Qf5 Qxf5 48. Rdxf5 Rd8 49. a4 Rg1 50. a5 Rd3 51. a6 Rxc3+ 52. bxc3 e2 53. a7
Rb1+ 54. Ka2 $1 (54. Kc4 $143 Ra1 55. Rg4+ Kh7 56. Rf7+ Kh8 57. Rd4 Kg8 58. Rb7
(58. Rxf2 e1=Q 59. Rg4+ Kh7 60. Rf7+ Kh8 61. Rf8+ $11) 58... f1=Q 59. Rd8+ Qf8
60. Rxf8+ Kxf8 61. Rb1 Rxa7 62. Re1 Re7 63. Kd3 $16) 54... Ra1+ 55. Kxa1 e1=Q+
56. Kb2 Qd2+ 57. Kb3 Qd1+ 58. Kc4 Qa4+ 59. Kd3 Qd1+ 60. Ke3 Qe1+ 61. Kd4 Qd2+
62. Kc4 Qa2+ 63. Kd3 Qxa7 64. Rxf2 {White wins this position very easily...}
1-0

[Event "Leon-B"]
[Site "Leon"]
[Date "1996.??.??"]
[Round "7"]
[White "Vera Gonzalez Quevedo, Reynaldo"]
[Black "Izeta Txabarri, Felix"]
[Result "1-0"]
[WhiteElo "2495"]
[BlackElo "2470"]
[Annotator "Tsesarsky,I"]
[PlyCount "75"]
[EventDate "1996.06.??"]
[EventType "tourn"]
[EventRounds "9"]
[EventCountry "ESP"]
[EventCategory "9"]
[SourceTitle "CBM 054"]
[Source "ChessBase"]
[SourceDate "1996.10.01"]
[SourceVersion "1"]
[SourceVersionDate "1996.10.01"]
[SourceQuality "1"]

1. d4 Nf6 2. c4 e6 3. Nc3 Bb4 4. Qc2 O-O 5. a3 Bxc3+ 6. Qxc3 b6 7. Bg5 Ba6 8.
e3 d6 9. Bd3 (9. Nf3 Nbd7 10. Bd3 c5 11. b4 (11. O-O cxd4 12. exd4 Rc8 13. b3
b5 14. Qb4 bxc4 15. Bxc4 Rc6 16. Rfd1 Bxc4 17. bxc4 $10 {Ziegler,A-Hellsten,J/
Copenhagen op/1995/0:1/43/}) 11... cxd4 12. exd4 Rc8 13. Qb3 h6 14. Bh4 Qc7 15.
Rc1 e5 16. dxe5 dxe5 17. Bg3 Nh5 18. O-O Nxg3 19. hxg3 e4 $8 20. Bxe4 Bxc4 21.
Qb2 b5 $10 {Lautier,J-Korchnoi,V/SUI-cht/1994/0:1/39/}) 9... Nbd7 10. Ne2 (10.
Nf3) (10. b4 c5 11. dxc5 bxc5 12. Ne2 Ne5 13. O-O cxb4 14. axb4 Bxc4 15. Bxc4
Rc8 16. Rxa7 Rxc4 17. Qb3 Qb6 18. Bxf6 Rxb4 19. Qa3 gxf6 20. Ra6 Qb7 {
Linauskas,D-Nikolenko,O/Katovice op/1995/0,5/43/}) 10... c5 11. b4 (11. dxc5
Nxc5 12. Bc2 Rc8 13. Qd4 h6 14. Bxf6 Qxf6 15. b3 b5 16. Qxf6 gxf6 17. cxb5 Bxb5
$15 {Azmaiparashvili,Z-Korchnoi,V/Moscow PSA 25'/1995/0,5/62/}) 11... cxd4 12.
exd4 Rc8 13. Qb3 h6 14. Bh4 e5 15. Rc1 (15. f3 exd4 16. O-O Ne5 17. b5 Bb7 18.
Nxd4 d5 19. Bxf6 Qxf6 20. cxd5 Nd7 21. Qb4 Bxd5 22. Rad1 $10) (15. b5 Bb7 16.
O-O exd4 17. Nxd4 d5 18. Nf5 Rc5 19. Bc2 $13 Ne5 20. Qg3 Ng6 21. Rfe1 Qc7 22.
Nxh6+ gxh6 23. Bxf6 Qxg3 24. hxg3 $14) 15... e4 16. Bb1 $6 (16. Bxe4 $5 g5 (
16... d5 $2 17. Bxd5 g5 18. Bf3 $16) (16... Re8 17. Bd3 d5 (17... b5 18. c5 $16
) 18. b5 Bb7 19. O-O $16) 17. Bf3 d5 (17... b5 18. Bg3 g4 $5 (18... bxc4 19.
Qa4 Nb8 $8 20. b5 Qd7 21. Bc6 $5 Rxc6 (21... Nxc6 22. Qxa6 Nb8 23. Qxd6 $16)
22. bxc6 Qxc6 23. Qxc6 Nxc6 24. Bxd6 Re8 25. Kd1 Rd8 26. Bc5 Ne4 27. Ke1 Ne5
28. dxe5 Nxc5 29. Rb1 Nd3+ 30. Kf1 Nxe5 31. Nc3 Rd3 32. Rc1 Rd2 33. Re1 $44)
19. Bd5 (19. Bxg4 $6 Nxg4 20. Bxd6 Re8 21. Qg3 Qg5 22. Bf4 Qg6 $15) 19... Nb6
20. Qb1 Nbxd5 21. cxd5 Nxd5 22. O-O $14) 18. b5 Bb7 19. Bg3 Re8 (19... Rxc4 20.
Rxc4 dxc4 21. Qxc4 Bxf3 22. gxf3 Qe7 23. Qd3 Rc8 24. O-O $16) 20. Qb2 Ba8 21.
h4 $14) 16... d5 17. b5 $1 (17. cxd5 Rxc1+ 18. Nxc1 Qc8 $1 19. Ne2 Bc4 20. Qc2
Bd3 (20... Bxe2 $2 21. Qxc8 Rxc8 22. Kxe2 Nxd5 23. Bxe4 $16) (20... Bxd5 $5) (
20... Qa6 $5) 21. Qb3 Bc4 $10) 17... dxc4 (17... Bb7 18. O-O (18. cxd5 Rxc1+
19. Nxc1 Bxd5 $140 20. Qxd5 Nxd5 21. Bxd8 Rxd8 $15) 18... dxc4 19. Rxc4 Bd5 20.
Rxc8 Qxc8 $15) 18. Rxc4 Rxc4 19. Qxc4 Bb7 20. O-O Qa8 (20... e3 $2 21. fxe3 Qe7
22. Qb3 Re8 23. Bf2 Ne4 24. Ba2 $16) 21. Qc7 Rc8 (21... g5 $5 22. Bg3 e3 23.
fxe3 Bxg2 24. Rf2 Be4 25. Ba2 Qb7 $13) 22. Qd6 a6 (22... Rd8 23. Re1 e3 24. Qg3
exf2+ 25. Qxf2 Be4 26. Bxe4 Qxe4 27. Nf4 Qf5 28. a4 $14) 23. Ng3 (23. Bxf6 Nxf6
24. Qxb6 axb5 (24... Nd5 $2 25. Qd6 $16) 25. Qxb5 e3 26. fxe3 Bxg2 27. Rxf6
gxf6 28. Qf5 Bf3 29. Qh7+ (29. Ng3 $6 Rc1+ 30. Kf2 Bh1 31. Qh7+ Kf8 32. Qh8+
Ke7 33. Nf5+ Kd7 34. Qxa8 Bxa8 35. Bd3 $10) 29... Kf8 30. Ba2 Qb7 31. Qxh6+ Kg8
32. Qg6+ Kf8 33. Qh6+ Kg8 $10) 23... g5 24. Nf5 gxh4 25. Qf4 Rc3 $8 (25... Rc4
26. Nxh6+ Kh7 27. Nxf7 $16) 26. Nxh6+ Kh7 (26... Kg7 27. Nf5+ Kg6 $8 (27... Kf8
28. Qh6+ $18) 28. Nxh4+ Kh7 29. Nf5 $40) 27. Nxf7 Qf8 $6 (27... Rxa3 28. bxa6 (
28. Qh6+ Kg8 29. Qg6+ Kf8 30. Ne5 Nxe5 31. dxe5 Ne8 32. Qh6+ Kg8 33. Qe6+ $10)
28... Bc6 29. Qxh4+ Kg7 30. Ne5 Nxe5 31. dxe5 Ng8 32. Qg5+ Kh8 33. Rd1 Qe8 34.
Qh4+ Kg7 35. Bxe4 Bxe4 36. Qxe4 $16) 28. Qxh4+ (28. Ba2 $5 Bd5 29. Qxh4+ Kg7
30. Bxd5 Nxd5 31. Qg5+ Kxf7 32. Qxd5+ Ke8 33. Qxe4+ $18) 28... Kg6 (28... Kg7
29. Ba2) 29. Ne5+ Nxe5 (29... Kf5 30. Nxd7 (30. f3 $5) 30... Nxd7 31. Qh7+ Ke6
32. Bxe4 $18) 30. dxe5 Nh7 31. bxa6 Bc6 32. Bxe4+ Bxe4 33. Qxe4+ Qf5 34. Qb7
Rxa3 35. a7 Qf8 36. h4 b5 37. Rc1 Qg8 38. Rc8 1-0

[Event "EU-Cup 16th"]
[Site "Neum"]
[Date "2000.09.28"]
[Round "5.1"]
[White "Van Wely, Loek"]
[Black "Iordachescu, Viorel"]
[Result "1/2-1/2"]
[WhiteElo "2643"]
[BlackElo "2594"]
[Annotator "Van Wely,L"]
[PlyCount "55"]
[EventDate "2000.09.24"]
[EventType "team-swiss"]
[EventRounds "7"]
[EventCountry "BIH"]
[SourceTitle "CBM 080"]
[Source "ChessBase"]
[SourceDate "2001.01.25"]
[SourceVersion "1"]
[SourceVersionDate "2001.01.25"]
[SourceQuality "1"]
[WhiteTeam "Breda"]
[BlackTeam "Bucharest RAT"]
[WhiteTeamCountry "NED"]
[BlackTeamCountry "ROU"]

1. d4 Nf6 2. c4 e6 3. Nc3 Bb4 4. Qc2 O-O 5. a3 Bxc3+ 6. Qxc3 b6 7. Bg5 Ba6 8.
e3 d6 9. Bd3 Nbd7 10. Ne2 c5 11. Qc2 h6 12. Bh4 Rc8 13. Qa4 cxd4 14. Bxf6 $5
Nc5 $3 (14... Qxf6 15. Qxd7 dxe3 16. fxe3 Qxb2 17. Kf2 $16) (14... gxf6 15.
exd4 $40 Nb8 $145 16. Qb3 (16. Nf4 f5 $5) (16. Rd1 Qc7 17. b3 Kh8 $13) 16... d5
17. cxd5 Bxd3 18. Qxd3 Qxd5 19. h4 $1 Nc6 20. Rh3 Rfd8 21. Rd1 $14 {Iordachescu
}) 15. Bxd8 Nxa4 16. Be7 $146 Rfe8 17. Bxd6 Nxb2 18. Nc1 (18. Be4 d3 19. Nd4
d2+ 20. Ke2 Rxc4 (20... e5 21. Nc6 Rxc6 (21... Nxc4 22. Ne7+ Kf8 23. Nxc8+
Nxd6+ 24. Bd3 Bxd3+ 25. Kxd3 Rxc8 26. Kxd2 Ne4+ 27. Ke2 $16) 22. Bxc6 Re6 (
22... Rd8 23. Bxe5 Bxc4+ 24. Kf3 d1=Q+ 25. Rhxd1 Nxd1 26. Ba4 $18) 23. Kxd2 (
23. Bxe5 d1=Q+ 24. Rhxd1 Bxc4+ 25. Kf3 Nxd1 26. Rxd1 Rxc6 $11) 23... Rxd6+ 24.
Kc3 Rxc6 25. Kxb2 $16) 21. Kxd2 e5 22. Bc6 Rd8 23. Bc7 exd4 24. Bxd8 Rxc6 (
24... dxe3+ 25. Kxe3 Rxc6 $44) 25. exd4 Nc4+ 26. Kc2 (26. Ke1 Re6+ 27. Kd1 (27.
Kf1 Nd2+ 28. Kg1 Nf3+ 29. gxf3 Rg6+) 27... Rd6 $40) 26... Ne5+ 27. Kb3 Bc4+ 28.
Kc3 Bf1+ $36) 18... Red8 (18... dxe3 19. Be2 $14) 19. Be5 Nxd3+ (19... Bxc4 20.
Bxc4 Nxc4 21. exd4 $16 (21. Bxd4 {Iordachescu} e5 22. Bc3 Nxe3 23. fxe3 Rxc3
24. Kf2 Rc2+ 25. Ne2 Rdd2 26. Rhe1 Ra2 $11)) 20. Nxd3 dxe3 (20... f6 $3 21.
Bxd4 e5 22. Nb4 Bxc4 23. Bb2 a5 24. Na2 Bxa2 25. Rxa2 Rc2 $17) 21. Nb2 (21. Nb4
{Iordachescu} exf2+ 22. Kxf2 Bxc4 $15) 21... f6 (21... Rd2 22. fxe3 Rxg2 23.
Kf1 (23. Rc1 f6 $15) 23... Rg5 24. Bf4 Rgc5 25. Rc1 $11) (21... exf2+ {
Iordachescu} 22. Kxf2 Bxc4 23. Nxc4 Rxc4 24. Rhd1) 22. Bc3 exf2+ (22... Bxc4
23. fxe3 (23. Rc1 Bd5 24. O-O (24. f3 Rc6 25. Ke2 Rdc8 26. Nd1 Bb3 27. Kd3 e2
28. Nb2 b5 29. Kd2 a5 30. Nd3 Bd1 $15) 24... exf2+ 25. Kxf2 $11) 23... Bd5 24.
Rc1 (24. Nd1 Bb3 $17) 24... Bxg2 25. Rg1 Be4 26. Rg4 $11 (26. Ke2 $6 $15)) 23.
Kxf2 Bxc4 24. Rhc1 Bb3 25. Ke3 e5 26. a4 Kf7 (26... a5 {Iordachescu} 27. Bd2
Kf7 28. Rxc8 Rxc8 29. Rc1 Rxc1 30. Bxc1 Ke6 31. Kd3 $11) 27. a5 Ke6 28. axb6 (
28. axb6 axb6 29. Ra6 Rc6 (29... Rd6 $2 30. Bxe5 $3 $16) 30. Bd2 Rdd6 31. Rxc6
Rxc6 32. g3 (32. Ba5 Bd5 33. Rxb6 Rxb6 34. Bxb6 Bxg2 $15) 32... Bd5 33. Na4 b5
34. Nc5+ Kf5 35. Rxc6 Bxc6 36. h3 h5 $11 (36... Bg2 37. g4+ Kg6 38. h4 h5 39.
g5 Kf5 $11)) 1/2-1/2